书目信息 |
| 题名: |
民营企业法律问答
|
|
| 作者: | 李笑 主编 | |
| 分册: | ||
| 出版信息: | 北京 经济管理出版社 2006 |
|
| 页数: | 535页 | |
| 开本: | 26cm | |
| 丛书名: | ||
| 单 册: | ||
| 中图分类: | D922.291.91 | |
| 科图分类: | ||
| 主题词: | 私营企业--si ying qi ye--企业法--中国--问答 | |
| 电子资源: | ||
| ISBN: | 7-80207-479-7 | |
| 000 | 00636nam0 2200217 450 | |
| 001 | CAL 012006066759 | |
| 005 | 20061124155605.73 | |
| 010 | @a7-80207-479-7@dCNY 68.00 | |
| 099 | @aCAL 012006066759 | |
| 100 | @a20060614d2006 em y0chiy0121 ea | |
| 101 | 0 | @achi |
| 102 | @aCN@b110000 | |
| 200 | 1 | @a民营企业法律问答@Amin ying qi ye fa lv wen da@f李笑主编 |
| 210 | @a北京@c经济管理出版社@d2006 | |
| 215 | @a535页@d26cm | |
| 320 | @a有书目 (第534-535页) | |
| 606 | 0 | @a私营企业@Asi ying qi ye@x企业法@y中国@j问答 |
| 690 | @aD922.291.91@v4 | |
| 701 | 0 | @a李笑@Ali xiao@4主编 |
| 801 | @aCN@c20061124 | |
| 905 | @a10447@dD922.291.91@eL296 | |
| 民营企业法律问答/李笑主编.-北京:经济管理出版社,2006 |
| 535页;26cm |
| ISBN 7-80207-479-7:CNY 68.00 |
| ● |
| 相关链接 |
|
|
|
正题名:民营企业法律问答
索取号:D922.291.91/L296
 
预约/预借
| 序号 | 登录号 | 条形码 | 馆藏地/架位号 | 状态 | 备注 |
| 1 | 615161 | 206151616 | 社科库509/509社科库 87排8列3层/ [索取号:D922.291.91/L296] | 在馆 | |
| 2 | 615162 | 206151625 | 社科库509/509社科库 87排8列3层/ [索取号:D922.291.91/L296] | 在馆 |